00930naa a2200241 i 45000010005000000030009000050050017000140080041000310150020000720350021000920400028001130410013001410800017001541000119001712450155002905040014004455460019004596500021004786500042004997730119005419420013006609990015006739046KOSZ 00520180502141317.0110727s2009 pl |000 0 pol  aBZCz 2011/24882 a(OCoLC)999000657 aWA NcWA NdKOSZ 005/HR0 apolbeng a658.1/.5:3361 aZAWADZKA, Danuta.d2007-2011.bPolitechnika Koszalińska - Instytut Ekonomii i Zarządzania,cZakład Finansów10aMetody ograniczania ryzyka niewypłacalności kontrahenta stosowane przez małe przedsiębiorstwa :bwyniki badań empirycznych /cDanuta Zawadzka. aBibliogr. aStreszcz. ang. 4aRyzyko kredytowe 0aPrzedsiębiorstwa małe i średnie.0 iW:tWspółczesne Problemy Ekonomiczne : globalizacja, liberalizacja, etyka. -g2009, nr 1, s. 167-175x2081-9579 2UKDcART c9046d9046